000 00968nam a2200229 a 4500
001 BRCA_8374
005 20190320210244.0
008 120814s2007----mx-ae#####---#000-0#spa-#
041 _aspaeng
044 _amx
050 4 _aNA759.G5
_b.A53 2007
245 1 0 _aAndrés Giovanini arquitecto
_bcuarenta años del placer de dibujar = forty years of drawing pleasure : dibujo arquitectónico a mano alzada (antes del ordenador)
_cdiseño por Sheila Graciela Velázquez Ramirez.
260 _aMéxico
_bUNAM : Colegio de Arquitectos de la Ciudad de México
_c[2007]
300 _a239 p.
_bil. (algunas a color), planos
_c28 cm.
546 _aTexto en: español e inglés
600 1 4 _aGiovanini García, José Andrés
_d1948-
_920983
650 1 4 _aDibujo arquitectónico
_ySiglo XX
_zMéxico
_920984
650 1 4 _aArquitectos mexicanos
_ySiglo XX
_95190
700 1 _aVelázquez Ramirez, Sheila Graciela
_920985
740 0 _aforty years of drawing pleasure
942 _2lcc
_cB
999 _c8042
_d8042